00477cam a22001331 450000100100000000500170001000800410002704000250006808200140009310000300010724500650013726000760020230000650027800001988920200929170158.0771201s1933 nyucfh 000 0 eng  aDO-SdBNPbspacBNPHU axxxbJ17o1 aJacoby, Catherine Murray.10aOn special mission to Abyssinia, /cCatherine Murray Jacoby. aNew York :bPub. priv., Printed by Argus Graphic Arts Service,c[1933]. aiii, 141 p. incl. front., plates, ports., facsims. ;c24 cm.